Indian government and politics. (Record no. 807)

MARC details
000 -LEADER
fixed length control field 00519cam a2200193ua 4500
001 - CONTROL NUMBER
control field 884
005 - DATE AND TIME OF LATEST TRANSACTION
control field 20260515113234.0
008 - FIXED-LENGTH DATA ELEMENTS--GENERAL INFORMATION
fixed length control field 110421n ii |||gr||||Z||||||eng
020 ## - INTERNATIONAL STANDARD BOOK NUMBER
International Standard Book Number 81-207-0472-x
040 ## - CATALOGING SOURCE
Transcribing agency MAIN
082 ## - DEWEY DECIMAL CLASSIFICATION NUMBER
Classification number 320.954
245 1# - TITLE STATEMENT
Title Indian government and politics.
250 ## - EDITION STATEMENT
Edition statement 4th. /
Remainder of edition statement Edited by B A V Sharma & K Madhusudhan Reddy.
260 ## - PUBLICATION, DISTRIBUTION, ETC.
Place of publication, distribution, etc. New Delhi.:
Name of publisher, distributor, etc. Sterling.,987.
300 ## - PHYSICAL DESCRIPTION
Extent 341 p.:
Dimensions 23 cm.
653 ## - INDEX TERM--UNCONTROLLED
Uncontrolled term Political science.
653 ## - INDEX TERM--UNCONTROLLED
Uncontrolled term Indian government and politics.
942 ## - ADDED ENTRY ELEMENTS (KOHA)
Koha item type Books
Holdings
Withdrawn status Lost status Damaged status Not for loan Home library Current library Shelving location Date acquired Total checkouts Full call number Barcode Date last seen Copy number Price effective from Koha item type
        Naharkatiya College Library Naharkatiya College Library General stacks 09/19/2020   320.954 | IND 523 03/08/2025 1 09/19/2020 Books